| 000 | 00557nam a22001817a 4500 | ||
|---|---|---|---|
| 005 | 20150428145402.0 | ||
| 010 | _aENG-112410 | ||
| 020 |
_a9788178331553 _c1975.00 |
||
| 035 | _aEN-95942 | ||
| 037 | _bDBAD/PUB | ||
| 082 | _a671.732 | ||
| 100 | _aPanda, Himadri | ||
| 245 |
_aThe complete book on electroplating & allied chemicals / _cby Himadri Panda |
||
| 260 |
_aDelhi _bAsia Pacific Business Press _c2013 |
||
| 270 |
_a106-E, Kamla Nagar, _bDelhi _e110009 |
||
| 300 |
_axvii,558p. _c23cm(pbk) |
||
| 942 |
_2ddc _cEN _mPAN _h671.732 |
||
| 999 |
_c92404 _d92404 |
||